000 00260nam a2200109Ia 4500
008 230320s9999||||xx |||||||||||||| ||spa||
082 _a373.66/D36
100 _aDe Llano, Cristina
245 0 _aConflictos Familiares A Escena
260 _bPPC
942 _80
_cLIB
999 _c39708
_d39708